Chloroformic fraction of Tanacetum vulgare L. induces cell cycle arrest and apoptosis in MCF7 cells

Elmentve itt :
Bibliográfiai részletek
Szerzők: Gospodinova Zlatina
Bózsity Noémi
Ocsovszki Imre
Orbán-Gyapai Orsolya
Krasteva Maria
Zupkó István
Dokumentumtípus: Cikk
Megjelent: 2015
Sorozat:INTERNATIONAL JOURNAL OF PHARMA SCIENCES 5 No. 2
mtmt:2869059
Online Access:http://publicatio.bibl.u-szeged.hu/6662
LEADER 00876nab a2200241 i 4500
001 publ6662
005 20180907114006.0
008 160505s2015 hu o 0|| zxx d
022 |a 2320-6810 
024 7 |a 2869059  |2 mtmt 
040 |a SZTE Publicatio Repozitórium  |b hun 
041 |a zxx 
100 1 |a Gospodinova Zlatina 
245 1 0 |a Chloroformic fraction of Tanacetum vulgare L. induces cell cycle arrest and apoptosis in MCF7 cells  |h [elektronikus dokumentum] /  |c  Gospodinova Zlatina 
260 |c 2015 
300 |a 986-990 
490 0 |a INTERNATIONAL JOURNAL OF PHARMA SCIENCES  |v 5 No. 2 
700 0 1 |a Bózsity Noémi  |e aut 
700 0 1 |a Ocsovszki Imre  |e aut 
700 0 2 |a Orbán-Gyapai Orsolya  |e aut 
700 0 2 |a Krasteva Maria  |e aut 
700 0 2 |a Zupkó István  |e aut 
856 4 0 |u http://publicatio.bibl.u-szeged.hu/6662/1/2869059%20Gospodinova%20IJPS_2015.pdf  |z Dokumentum-elérés